Statistics for Most Densely Populated Nations and Territories in Europe

Click here to take the quiz!

General Stats

  • This quiz has been taken 123 times
  • The average score is 7 of 10

Answer Stats

Persons/Sq KmAnswer% Correct
18,369Monaco
93%
2,045Vatican City
91%
455San Marino
88%
393Netherlands
85%
337Belgium
84%
267United Kingdom
79%
1,260Malta
74%
4,328Gibraltar
35%
774Jersey
19%
990Guernsey
18%

Score Distribution

Percentile by Number Answered

Percent of People with Each Score

Your Score History

You have not taken this quiz